LEADER 00580nam a2200169 i 4500 001 000000258992 003 CaOOAMICUS 005 20180625000000.0 008 180625s1840 it u000 u ita u 013 $a237900 040 $aSeMil$bita 245 10$aTomo 5. 300 $a735 p. 773 0 $aFerrario, Ottavio <1787-1867>$tCorso di chimica generale.$dMilano : Coi tipi di Luigi di Giacomo Pirola, 1837-1846.$g5$w()24803 850 $aSeMil 852 $aSeMil$W1$xVenegono$y1$m3W III 76 FA$j209337$B209337$CSeMilBibl$Z2$F223002 $8I 996 $6245$aTomo 5$9(OLS)http://semarc/title/76883 LEADER 01069nam a2200229 i 4500 001 000000061616 003 CaOOAMICUS 005 20130208000000.0 008 130208s1942 it u000 u ita u 013 $a32788 040 $aSeMil$bita 100 1 $aCucchi, Francesco .$0(OLS)http://semarc/name/31303 245 13$aLa mediazione universale della Santissima Vergine negli scritti di Bernardino de' Bustis O. M /$cP. Francesco Cucchi Frate Minore Conventuale. 260 $aMilano :$bÀncora,$cstampa 1942. 300 $a289 p. ;$c20 cm. 500 $aContiene : Bibliografia. 600 14$aBernardino : de' Busti .$0(OLS)http://semarc/subject/10553 650 4$aMadonna - Mediazione divina.$0(OLS)http://semarc/subject/6304 850 $aSeMil 852 $aSeMil$W1$xVenegono$y1$m2L I 81$j27769$B27769$CSeMilBibl$Z2$F27772 $81 996 $6245$aLa mediazione universale della Santissima Vergine negli scritti di Bernardino de' Bustis O. M$9(OLS)http://semarc/title/96859 996 $6260$aMilano :$bÀncora$9(OLS)http://semarc/publisher/29763